Welcome to CU Library Online Public Access Catalogue (OPAC)

Financial and management accounting : (Record no. 8743)

MARC details
000 -LEADER
fixed length control field 00625cam a22002054a 4500
001 - CONTROL NUMBER
control field 14294007
005 - DATE AND TIME OF LATEST TRANSACTION
control field 20260217104418.0
008 - FIXED-LENGTH DATA ELEMENTS--GENERAL INFORMATION
fixed length control field 060309s2006 enk b 001 0 eng
020 ## - INTERNATIONAL STANDARD BOOK NUMBER
International Standard Book Number 0273703692
Qualifying information alk. paper
020 ## - INTERNATIONAL STANDARD BOOK NUMBER
International Standard Book Number 9780273703693
Qualifying information alk. paper
050 00 - LIBRARY OF CONGRESS CALL NUMBER
Classification number HF5635
Item number .W443 2006
082 00 - DEWEY DECIMAL CLASSIFICATION NUMBER
Classification number 657
Edition information 22
100 1# - MAIN ENTRY--PERSONAL NAME
Personal name Weetman, Pauline.
245 10 - TITLE STATEMENT
Title Financial and management accounting :
Remainder of title an introduction /
Statement of responsibility, etc. Pauline Weetman.
250 ## - EDITION STATEMENT
Edition statement 4th ed.
260 ## - PUBLICATION, DISTRIBUTION, ETC.
Place of publication, distribution, etc. Harlow, England ;
-- New York :
Name of publisher, distributor, etc. Financial Times/Prentice Hall,
Date of publication, distribution, etc. 2006.
300 ## - PHYSICAL DESCRIPTION
Extent xxvii, 114 p. ;
Dimensions 27 cm.
650 #0 - SUBJECT ADDED ENTRY--TOPICAL TERM
Topical term or geographic name entry element Accounting.
942 ## - ADDED ENTRY ELEMENTS (KOHA)
Source of classification or shelving scheme Library of Congress Classification
Koha item type Books
Suppress in OPAC No
999 ## -
-- 8743
-- 8743
Holdings
Withdrawn status Lost status Source of classification or shelving scheme Damaged status Not for loan Collection Home library Current library Shelving location Date acquired Total checkouts Full call number Barcode Date last seen Copy number Price effective from Koha item type Public note
    Library of Congress Classification     Non-fiction Graduate Library (Christ Temple) Graduate Library (Christ Temple) General stacks 02/17/2026   HF 5636,W44 WEE GSCT00002606 02/17/2026 1 02/17/2026 Books EAQ
    Library of Congress Classification     Non-fiction Graduate Library (Christ Temple) Graduate Library (Christ Temple) General stacks 02/17/2026   HF 5636,W44 WEE GSCT00002607 02/17/2026 2 02/17/2026 Books EAQ
© 2023-2024 Copyright: Central University Libraries. All Rights Reserved | Created by: Mahone Tech Office